000 00488nam a2200181Ia 4500
005 20250326125750.0
008 250326s9999 xx 000 0 und d
037 _aTextbook
040 _aFMSL
_beng
_cFMSL
041 _aeng
_2eng
084 _aX:9 N7
_qFMSL
100 _aSubramanian K N
245 0 _aLabour management relations in India
_cSubramanian K N
260 _aBombay
_bBombay, Asia
_c1967
300 _a658p
942 _cTB
_hX:9 N7
999 _c1279469
_d1279469